000 00332 a2200157 4500
001 177696
020 _a
040 _cMagnum
100 _aGrenier,christian
240 1 0 _aO metronomo magico
_lpor
245 1 0 _aO metronomo magico
362 0 _a1899
440 1 _aScipione
697 _aMAGNITO: IJ/PARADIDATICO
942 _cBK
999 _c177696
_d177696